| 000 | 01038naa a2200289 c 4500 | ||
|---|---|---|---|
| 001 | 37768 | ||
| 003 | ES-MaCES | ||
| 005 | 20150925133434.0 | ||
| 008 | 070511n2007 sp t ||0 | spa d | ||
| 035 | _aCES20070002899v | ||
| 040 |
_aES-MaCES _bspa _cES-MaCES |
||
| 100 | 1 |
_aGarcía Murcia, Joaquín _912994 |
|
| 245 | 1 | 0 |
_aDeslocalización y tutela de los derechos sociales _b: la perspectiva europea _cJoaquín García Murcia |
| 500 | _aResumen | ||
| 650 | 4 |
_aderechos económicos y sociales _929875 |
|
| 650 | 4 |
_aespacio social europeo _930775 |
|
| 650 | 4 |
_areubicación de industrias _927641 |
|
| 650 | 4 |
_adescentralización _927218 |
|
| 650 | 4 |
_amovilidad de la mano de obra _928354 |
|
| 650 | 4 |
_atrabajador _928414 |
|
| 653 | 1 | 0 | _aDerecho comunitario |
| 650 | 4 |
_928178 _aempresa |
|
| 773 | 0 |
_tRelaciones laborales _gaño 23, n. 6 (23 marzo 2007){10194 R. 067423}; p. 87-110 _w(ES-MaCES)25210 _943027 |
|
| 902 | _aART Artículo de revista | ||
| 942 |
_2CES _cAR _h6.0.5. |
||
| 999 |
_c37768 _d37768 |
||